|
|
|
|
| LEADER |
00000nab a2200000uu 4500 |
| 001 |
vtls010903007 |
| 003 |
SK-MaSNL |
| 005 |
20260303142346.0 |
| 008 |
230222|1971 xo |||||||||||||||||eng| |
| 015 |
|
|
|a SNBRB
|
| 035 |
|
|
|a (urnnbn)urn:nbn:sk:snk:ar-a07pth
|
| 035 |
|
|
|a (uuid)6088055c-8e87-4b8f-8fab-93b52ad3049d
|
| 035 |
|
|
|a urn:nbn:sk:snk-ab8u51
|
| 040 |
|
|
|a SNKBUCL
|b slo
|c SNKBUCL
|e AACR2
|
| 041 |
0 |
|
|a eng
|
| 044 |
|
|
|a xo
|c SK
|
| 100 |
1 |
|
|a Gájer, Samo
|4 aut
|9 1161623
|
| 245 |
1 |
0 |
|a ZÁVISLOSŤ VŠEOBECNEJ, ŠPECIÁLNEJ A ŠPORTOVEJ VÝKONNOSTI ŽIAKOV EŠ OD ŠPECIALIZÁCIE ŠPORTOVÁ GYMNASTIKA
|c Samo Gájer
|
| 773 |
0 |
|
|t Acta Facultatis Educationis Physicae Universitatis Comenianae
|g Roč. 10, č. 10 (1971), s. 517-522
|
| 958 |
|
|
|a OND
|
| 958 |
|
|
|a EUIPO
|
| 958 |
|
|
|a article10
|
| 999 |
|
|
|c 1982308
|d 1984238
|